[Event "Innsbruck op 4th"]
[Site "Innsbruck"]
[Date "2020.08.30"]
[Round "9"]
[White "Rempe, Jonas"]
[Black "Ivanyk, Igor"]
[Result "1/2-1/2"]
[WhiteElo "1871"]
[BlackElo "2046"]
[PlyCount "61"]
[EventDate "2020.08.22"]
[EventType "swiss"]
[EventRounds "9"]
[EventCountry "AUT"]
[SourceTitle "CBM 198 Extra"]
[Source "ChessBase"]
[SourceDate "2020.11.30"]
[SourceVersion "1"]
[SourceVersionDate "2020.11.30"]
[SourceQuality "1"]

1. e4 c5 2. Nf3 e6 3. d4 cxd4 4. Nxd4 Nc6 5. Nc3 Qc7 6. g3 a6 7. Bg2 Nf6 8. 0-0 Nxd4 9. Qxd4 Bc5 10. Bf4 d6 11. Qd2 h6 12. Rad1 e5 13. Be3 Be6 14. Bxc5 dxc5 15. Nd5 Bxd5 16. exd5 Qd6 17. f4 0-0 18. fxe5 Qxe5 19. c4 Qd6 20. Rfe1 Rab8 21. Rb1 Rfd8 22. Qc3 b5 23. b3 Qc7 24. Rbd1 Ne8 25. cxb5 axb5 26. Rc1 Rdc8 27. Bh3 Rd8 28. Qxc5 Qa5 29. Re2 Nd6 30. Rf1 Ra8 31. Rff2 1/2-1/2

[Event "Innsbruck op 4th"]
[Site "Innsbruck"]
[Date "2020.08.22"]
[Round "1"]
[White "Kummer, Helmut"]
[Black "Ivanyk, Igor"]
[Result "1-0"]
[WhiteElo "2289"]
[BlackElo "2046"]
[PlyCount "113"]
[EventDate "2020.08.22"]
[EventType "swiss"]
[EventRounds "9"]
[EventCountry "AUT"]
[SourceTitle "CBM 198 Extra"]
[Source "ChessBase"]
[SourceDate "2020.11.30"]
[SourceVersion "1"]
[SourceVersionDate "2020.11.30"]
[SourceQuality "1"]

1. d4 Nf6 2. c4 e6 3. Nf3 a6 4. Nc3 d5 5. c5 Be7 6. Bf4 Nc6 7. h3 0-0 8. e3 Re8 9. Be2 Ne4 10. 0-0 f5 11. Ne5 Nxe5 12. Bxe5 Nxc3 13. bxc3 c6 14. Rb1 Qd7 15. Rb3 Bd8 16. Qd3 Bc7 17. Bxc7 Qxc7 18. f4 Qf7 19. Qd1 Re7 20. Qe1 Qf6 21. Qg3 Rc7 22. a3 Bd7 23. Rfb1 Bc8 24. Kf2 Ra7 25. Ke1 Bd7 26. Kd2 h6 27. Qf2 Be8 28. Rg1 Ra8 29. Bd3 Rd8 30. Rbb1 g6 31. g4 Rh7 32. Rg3 Rdd7 33. Rbg1 Rdg7 34. h4 Kf8 35. R3g2 Qe7 36. h5 Qf6 37. hxg6 Rxg6 38. gxf5 exf5 39. Rxg6 Bxg6 40. Qh2 Kf7 41. c4 Qe6 42. Qe2 h5 43. cxd5 cxd5 44. Rb1 Qd7 45. Rb6 h4 46. Rxg6 Kxg6 47. Qg4+ Kf7 48. Bxf5 Qb5 49. Bxh7 Qa5+ 50. Ke2 Qb5+ 51. Kf2 Qb2+ 52. Qe2 Qxa3 53. Qh5+ Ke6 54. Qe5+ Kf7 55. Qxd5+ Kg7 56. Qg8+ Kf6 57. Qf8+ 1-0